1292 1738 1928 1352 1840 1760 1953 1719 1507 1488 1209 1857 1800 1357 1266 1963 1797 1825 1077 1159 1680 1843 1601 1341 1691 1444 1014 1754 1673 1015 1874 1497 1679 1394 1499 1674 1473 1811 1078 1182 1982 1670 1929 1809 1534 1540 1803 1077 1358 1238 1024 1035 1427 1572 1998 1274 1381 1975 1368 1911 1608 1310 1487 1893 1859 1703 1041 1381 1584 1975 1707 1561 1193 1398 1320 1464 1758 1338 1160 1090 1361 1902 1531 1872 1235 1697 1094 1029 1794 1850 1736 1041 1087 1738 1611 1267 1621 1374 1452 BCNSPRNW ULIB Ver.6.0+V

เปลี่ยนเป็นภาษาไทย

Change to English
 แสดงรายละเอียดบรรณานุกรม
  กลับหน้าหลัก

Brief Record : Get Marc (ISO 2709) : E-mail record : QR code < ปิดหน้าต่าง
LEADER : 00000nam 2200000uu 4500
001    13399112248
003     ULIB
008    110802s2554||||th 000 0 tha d
020    9786165020749
090    นว.^bจ195พ 2554
100 0  จอมจินดา
245 00 พรหมพยศกบฏหัวใจ/^cจอมจินดา
260    กรุงเทพฯ:^bSugar Beat,^c2554.
300    326 หน้า
945    ^p220^l0^i18466
995    เกษร
999 ^a ใช้งานได้ทุกระบบ
รายการนี้ยังไม่มีแท็ก
คุณยังไม่ได้ล็อกอิน คุณสามารถมีกิจกรรมร่วมกับเว็บไซต์ได้ แต่ต้องล็อกอินก่อน ::
  ล็อกอิน

รายการสื่อสารสนเทศ

ลำดับที่ ประเภท เลขเรียก/บาร์โค้ด สถานที่ สถานะ
1. วิทยาศาสตร์การแพทย์ และสุขภาพ
วิทยาศาสตร์การแพทย์ และสุขภาพ
นว. จ195พ 2554  
  Barcode: 18466
ห้องสมุดวิทยาเขตสวรรค์ประชารักษ์
►นวนิยาย
บนชั้น
  ขอยืม

รายการใกล้เคียง
    ผู้แต่ง [จอมจินดา]

BibComment


ยังไม่เคยถูกคอมเมนท์

คอมเมนท์ทรัพยากรรายการนี้
  คอมเมนท์: พรหมพยศกบฏหัวใจ จ..


 Copyright 2026. Bcnsprnw @Library